| 000 | 01142nam a2200313 a 4500 | ||
|---|---|---|---|
| 001 | 30070 | ||
| 003 | BD-RjUL | ||
| 005 | 20211209051515.0 | ||
| 008 | 140408r19611959enka 000 0 eng d | ||
| 035 | _a(BD-RjUL)30155 | ||
| 040 |
_aDLC _cCWR _dOCL _dNED _dBD-RjUL _beng |
||
| 041 | _aeng | ||
| 082 |
_a160.4 _bLOG 1961 |
||
| 245 | 0 | 0 |
_aLogic and language (second series) / _cessays by J.L. Austin ... [et al.] ; edited, with an introduction, by Antony Flew. |
| 246 | 1 | 5 | _aEssays on logic and language (second series) |
| 260 |
_aOxford : _bBasil Blackwell, _c1959 [reprinted 1961] |
||
| 300 |
_avii, 242 p. : _bill. ; _c22 cm. |
||
| 500 | _aFirst series published in 1951 under title: Essays on logic and language. | ||
| 500 | _aHalf title: Essays on logic and language (second series). | ||
| 500 | _aIncludes bibliographical footnotes. | ||
| 650 | 0 |
_aLanguage and languages. _991449 |
|
| 650 | 0 |
_aLogic. _991450 |
|
| 700 | 1 |
_aFlew, Antony, _d1923-2010. _991173 |
|
| 700 | 1 |
_aAustin, J. L. _q(John Langshaw), _d1911-1960. _92886 |
|
| 942 |
_2ddc _cBK |
||
| 999 |
_c30070 _d30070 |
||